|
|
|
|
| LEADER |
00000nam a2200000 a 4500 |
| 001 |
vtls010595455 |
| 003 |
SK-MaSNL |
| 005 |
20260301034738.0 |
| 008 |
180814s1971 xo h 000 0bslo |
| 015 |
|
|
|a SNBA1971
|
| 040 |
|
|
|a SNK
|b slo
|c SNK
|e AACR2
|
| 041 |
0 |
|
|a slo
|
| 044 |
|
|
|a xo
|c SK
|
| 080 |
|
|
|a (092)
|2 1981
|
| 245 |
0 |
0 |
|a V. I. Lenin 1870-1971
|b nezabúdame
|
| 260 |
|
|
|a Považská Bystrica
|b Okresný osvetový dom
|c 1971
|
| 300 |
|
|
|a 25 s.
|c 4°
|
| 600 |
1 |
7 |
|a Lenin, Vladimir Iľjič,
|d 1870-1924
|2 SNKPH
|9 101472
|
| 648 |
|
7 |
|a 1870-1971
|2 SNKPH
|9 336163
|
| 655 |
|
7 |
|a biografie
|2 SNKPH
|9 27965
|
| 958 |
|
|
|a OND
|
| 958 |
|
|
|a SK
|
| 999 |
|
|
|c 582449
|d 584379
|
| 952 |
|
|
|a SNK
|b SNK
|y PREZ
|7 0
|p 17A0983524
|o snkSB 33850
|i snkKSP 5234/82
|0 0
|1 0
|4 0
|d 2014-05-07
|f 1
|l 0
|r 2025-04-09 00:00:00
|w 2026-02-23
|